[Event "53rd World U20 ch"]
[Site "Pune IND"]
[Date "2014.10.08"]
[Round "3.53"]
[White "Arjun, Satheesh"]
[Black "Sen, Samir"]
[Result "1/2-1/2"]
[WhiteElo "2004"]
[BlackElo "2168"]
[EventDate "2014.10.06"]
[PlyCount "255"]

1.d4 d5 2.c4 c6 3.Nf3 Nf6 4.e3 a6 5.Bd3 b5 6.b3 Bg4 7.O-O e6 8.Bb2 Nbd7 9.
Nbd2 Qb8 10.Qc2 Be7 11.Rfc1 O-O 12.Ne5 Nxe5 13.dxe5 bxc4 14.bxc4 Nd7 15.
Bxh7+ Kh8 16.Bd3 Nxe5 17.Bxe5 Qxe5 18.h3 Bh5 19.g4 Bg6 20.Nf3 Qf6 21.Kg2 
Ba3 22.Rd1 e5 23.g5 Bxd3 24.Rxd3 Qe7 25.Rxa3 Qxa3 26.Nxe5 Qd6 27.Qf5 Kg8 
28.cxd5 cxd5 29.Rd1 Qe6 30.Qxe6 fxe6 31.Rd4 Rfb8 32.Kg3 a5 33.Nd3 a4 34.
Kf4 a3 35.Ke5 Ra6 36.g6 Rc6 37.Ra4 Rf8 38.f4 Rc3 39.Kd4 Rfc8 40.Ne5 Kf8 
41.Ra7 R8c7 42.Ra8+ Rc8 43.Ra7 R8c7 44.Ra8+ Ke7 45.h4 Rc2 46.Rxa3 Rd2+ 47.
Rd3 Rxa2 48.Rd1 Rh2 49.Nf3 Rh3 50.Rf1 Kf6 51.Kd3 Re7 52.Ne5 Rxh4 53.Rb1 
Rh5 54.Kd4 Ra7 55.Rb4 Rf5 56.Nf3 Rh5 57.Ne5 Ra6 58.Rb7 Ra4+ 59.Kd3 Rxe5 
60.fxe5+ Kxg6 61.Re7 Ra6 62.Ke2 Kf5 63.Rxg7 Kxe5 64.Kf3 Ra3 65.Rg4 Rc3 66.
Ke2 Rc4 67.Rg8 Re4 68.Kd3 Ra4 69.Rf8 Ra3+ 70.Kd2 Kd6 71.Rd8+ Ke7 72.Rb8 
Ra4 73.Kd3 Kf6 74.Rf8+ Ke5 75.Kd2 Ra1 76.Rb8 Rh1 77.Rf8 Rh3 78.Rb8 Kf5 79.
Rf8+ Ke4 80.Rf4+ Ke5 81.Rf8 d4 82.exd4+ Kxd4 83.Rf4+ Ke5 84.Ra4 Kf5 85.Ke2
Rb3 86.Ra2 e5 87.Rc2 Ke4 88.Rc4+ Kd5 89.Rc8 Kd4 90.Ra8 Rb2+ 91.Ke1 Ke3 92.
Ra3+ Kf4 93.Rc3 e4 94.Ra3 Rc2 95.Rb3 Rg2 96.Ra3 Rg1+ 97.Ke2 Rb1 98.Rc3 
Rb2+ 99.Ke1 Ke5 100.Ra3 Kd4 101.Rh3 Rb7 102.Ra3 Rd7 103.Ke2 Rh7 104.Rb3 
Ke5 105.Ra3 Rh2+ 106.Ke1 Kf4 107.Rb3 Rc2 108.Ra3 Rc4 109.Ke2 Rb4 110.Rc3 
Rb1 111.Ra3 Rb2+ 112.Ke1 Rb8 113.Ke2 Rc8 114.Rb3 Ra8 115.Rc3 Ra4 116.Rb3 
e3 117.Rb8 Ra2+ 118.Ke1 Kf3 119.Rf8+ Ke4 120.Re8+ Kd4 121.Rd8+ Kc4 122.
Rc8+ Kd5 123.Rd8+ Kc5 124.Rc8+ Kd6 125.Re8 Ra3 126.Ke2 Kd7 127.Rxe3 Rxe3+ 
128.Kxe3 1/2-1/2

[Event "53rd World U20 ch"]
[Site "Pune IND"]
[Date "2014.10.08"]
[Round "3.55"]
[White "Yashas, D."]
[Black "Wagh, Suyog"]
[Result "1-0"]
[WhiteElo "2159"]
[BlackElo "2001"]
[EventDate "2014.10.06"]
[PlyCount "119"]

1.e4 c5 2.Nf3 d6 3.Bb5+ Bd7 4.Bxd7+ Qxd7 5.O-O e6 6.c3 Nf6 7.Re1 Nc6 8.d4 
cxd4 9.cxd4 d5 10.e5 Ne4 11.Nbd2 Nxd2 12.Bxd2 Be7 13.Rc1 O-O 14.Rc3 Rfc8 
15.a3 b5 16.Rd3 Qd8 17.h3 b4 18.Nh2 bxa3 19.bxa3 Qf8 20.Ng4 Kh8 21.Qf3 
Rab8 22.Rc1 Rb2 23.Rcc3 Bd8 24.Kh2 Rxd2 25.Rxd2 Ba5 26.Rcd3 Bxd2 27.Rxd2 
Kg8 28.Rd3 Kh8 29.Qf4 Na5 30.Rf3 Nc4 31.a4 h5 32.Nf6 gxf6 33.Rg3 Kh7 34.
exf6 Qh6 35.Rg7+ Qxg7 36.fxg7 Kxg7 37.Qg5+ Kf8 38.Qxh5 Nd6 39.Qh8+ Ke7 40.
Qh4+ Kd7 41.Qf6 Rf8 42.f3 Ne8 43.Qh6 Ke7 44.Qd2 Kd7 45.g4 Nc7 46.h4 Rh8 
47.h5 f6 48.Qf4 Ne8 49.Qb8 a6 50.Kg3 Rh7 51.Qa8 Re7 52.f4 Nc7 53.Qf8 e5 
54.dxe5 fxe5 55.f5 Re8 56.Qg7+ Kd6 57.f6 Ne6 58.Qf7 Nc7 59.h6 e4 60.Qxe8 
1-0

[Event "53rd World U20 ch"]
[Site "Pune IND"]
[Date "2014.10.08"]
[Round "3.56"]
[White "Manush, Shah"]
[Black "Rajdeep, Sarkar"]
[Result "0-1"]
[WhiteElo "2038"]
[BlackElo "2145"]
[EventDate "2014.10.06"]
[PlyCount "180"]

1.d4 d5 2.c4 e6 3.Nc3 Nf6 4.Nf3 Nbd7 5.e3 c6 6.b3 Bb4 7.Bd2 O-O 8.Bd3 Qe7 
9.cxd5 exd5 10.O-O Re8 11.Qc2 Bd6 12.Rfe1 Ne4 13.Rad1 f5 14.g3 g5 15.Kg2 
Ndf6 16.Ng1 g4 17.Nge2 h5 18.Bxe4 fxe4 19.Nf4 Qf7 20.Na4 Nh7 21.b4 Ng5 22.
b5 Nf3 23.bxc6 Nxe1+ 24.Rxe1 Bxf4 25.exf4 bxc6 26.Nc5 Rb8 27.Qa4 Rb5 28.
Rc1 Bf5 29.Be3 Reb8 30.Nb3 Qc7 31.Rc3 R8b6 32.Rc1 Qb8 33.Qa3 Kf7 34.Rc3 
Rb4 35.Qa5 R4b5 36.Qa3 a5 37.Rc5 Ra6 38.Rc1 a4 39.Nc5 Ra7 40.Rd1 Rb1 41.
Rxb1 Qxb1 42.Nb3 Qd3 43.Qc5 Qa6 44.Nd2 Rd7 45.a3 Qb5 46.Qc3 Rb7 47.Nf1 Ke8
48.Nd2 Kd7 49.Nf1 Kc7 50.Nd2 Kb6 51.Qc2 Ka6 52.Qc3 Rb6 53.Qc2 Kb7 54.Qc3 
Bd7 55.Qc2 Ra6 56.Qc1 Ra5 57.Qc5 Qxc5 58.dxc5 Kc7 59.Bd4 e3 60.fxe3 Bf5 
61.Kf2 Bd3 62.Kg2 Bf5 63.Kf2 Rb5 64.Kg2 Kd7 65.Kf2 Ke6 66.Ke2 Bc2 67.Kf2 
Kf5 68.Kg2 Be4+ 69.Kf2 Rb7 70.Kg1 Rh7 71.Kf2 Bd3 72.Kg1 h4 73.gxh4 Rxh4 
74.Kg2 Be4+ 75.Kg1 g3 76.hxg3 Rh1+ 77.Kf2 Kg4 78.Ke2 Kxg3 79.Nxe4+ dxe4 
80.f5 Rh2+ 81.Ke1 Rh7 82.f6 Kg4 83.Kd2 Kf5 84.Kc3 Rb7 85.f7 Rxf7 86.Kb4 
Rd7 87.Bc3 Rd3 88.Bg7 Rxe3 89.Kxa4 Rd3 90.Kb4 e3 0-1

[Event "53rd World U20 ch"]
[Site "Pune IND"]
[Date "2014.10.08"]
[Round "3.57"]
[White "Yogesh, Gautam"]
[Black "Reddy, Ananta"]
[Result "1-0"]
[WhiteElo "2144"]
[BlackElo "1420"]
[EventDate "2014.10.06"]
[PlyCount "91"]

1.e4 c5 2.Nf3 g6 3.d4 cxd4 4.Nxd4 Nc6 5.Nc3 Bg7 6.Be3 Nf6 7.Bc4 Qa5 8.O-O 
O-O 9.Bb3 d6 10.h3 Bd7 11.f4 Nxd4 12.Bxd4 Bc6 13.Qd3 Rad8 14.Rad1 Rfe8 15.
Qe3 Nd7 16.e5 e6 17.exd6 Bxd4 18.Qxd4 Qc5 19.Qxc5 Nxc5 20.Bc4 a6 21.b4 Ne4
22.Nxe4 Bxe4 23.Bb3 b5 24.a4 Bc6 25.axb5 axb5 26.g4 Rd7 27.Rd4 Red8 28.
Rfd1 Kg7 29.c3 Kf6 30.Kf2 Ra8 31.c4 Ra3 32.cxb5 Bxb5 33.Bc4 Bxc4 34.Rxc4 
Rxh3 35.Rc7 Rd8 36.g5+ Kg7 37.Rd4 Rb3 38.Ke2 Kf8 39.Kd2 Ke8 40.Kc2 Ra3 41.
b5 Raa8 42.b6 Rab8 43.b7 Rd7 44.Rc8+ Rd8 45.d7+ Ke7 46.Rxb8 1-0

[Event "53rd World U20 ch"]
[Site "Pune IND"]
[Date "2014.10.08"]
[Round "3.58"]
[White "Pranavananda, V."]
[Black "Kumar, Gaurav"]
[Result "1-0"]
[WhiteElo "2136"]
[BlackElo "1945"]
[EventDate "2014.10.06"]
[PlyCount "47"]

1.e4 c5 2.Nc3 Nc6 3.Nf3 e5 4.Bc4 Be7 5.d3 Nf6 6.Ng5 O-O 7.f4 d6 8.O-O h6 
9.Nf3 exf4 10.Bxf4 Be6 11.Nd5 Bxd5 12.exd5 Na5 13.Nh4 Qd7 14.Bd2 Nxc4 15.
dxc4 Ne4 16.Nf5 Kh7 17.Qg4 Bg5 18.Bxg5 Nxg5 19.h4 Ne6 20.dxe6 fxe6 21.Ng3 
Qe7 22.Rxf8 Rxf8 23.Re1 Rf6 24.Nh5 1-0

[Event "53rd World U20 ch"]
[Site "Pune IND"]
[Date "2014.10.08"]
[Round "3.59"]
[White "Raja, Harshit"]
[Black "Abhijith, M."]
[Result "1-0"]
[WhiteElo "2000"]
[BlackElo "2126"]
[EventDate "2014.10.06"]
[PlyCount "67"]

1.e4 d5 2.exd5 Nf6 3.c4 c6 4.d4 cxd5 5.Nc3 Nc6 6.Bg5 dxc4 7.d5 Ne5 8.Qd4 
Nd3+ 9.Bxd3 cxd3 10.Qxd3 g6 11.Bxf6 exf6 12.Kf1 Bf5 13.Qe2+ Be7 14.g4 Bc8 
15.Rd1 O-O 16.d6 Bxd6 17.Ne4 Re8 18.Rxd6 Qxd6 19.Nxd6 Rxe2 20.Nxe2 Bxg4 
21.Rg1 Be6 22.Rg3 Rd8 23.Ne4 f5 24.N4c3 Rd2 25.b3 b5 26.Ke1 Rb2 27.Nxb5 
Rxa2 28.Rc3 a5 29.Nbd4 a4 30.Nc1 Ra3 31.Nc2 Rxb3 32.Nxb3 axb3 33.Na3 b2 
34.Rc2 1-0

[Event "53rd World U20 ch"]
[Site "Pune IND"]
[Date "2014.10.08"]
[Round "3.60"]
[White "Doluweera, Minul Sanjula"]
[Black "Muthaiah, A. L."]
[Result "1-0"]
[WhiteElo "1827"]
[BlackElo "2215"]
[EventDate "2014.10.06"]
[PlyCount "115"]

1.d4 d5 2.c4 e6 3.Nc3 c6 4.cxd5 exd5 5.Nf3 Be7 6.Bf4 Nf6 7.Qc2 Nbd7 8.e3 
Nh5 9.Bg3 Nxg3 10.hxg3 Nf6 11.Bd3 h6 12.Ne5 Ng4 13.O-O-O Bf6 14.e4 Bxe5 
15.dxe5 d4 16.Bc4 Nxe5 17.Ne2 c5 18.Rh5 Nxc4 19.Qxc4 b6 20.Nxd4 cxd4 21.
Rxd4 Bd7 22.Re5+ Kf8 23.Kb1 Qf6 24.Rxd7 g6 25.a3 Kg7 26.Ree7 Rhf8 27.e5 
Qf5+ 28.Ka2 Rad8 29.Rxd8 Rxd8 30.e6 Rf8 31.Rxa7 Qxf2 32.Qf4 Qxf4 33.gxf4 
Re8 34.exf7 Re2 35.g4 h5 36.gxh5 gxh5 37.Rb7 Re6 38.f8=Q+ Kxf8 39.Rh7 Rf6 
40.Rxh5 Ke7 41.Rb5 Kd7 42.f5 Kc6 43.a4 Rh6 44.b3 Rh3 45.Ka3 Rf3 46.Kb4 Rf1
47.Kc4 Rd1 48.Re5 Rc1+ 49.Kd4 Rb1 50.Re3 Kd6 51.Rf3 Rd1+ 52.Kc4 Kc6 53.f6 
Rd8 54.f7 Rf8 55.Rf6+ Kb7 56.Kd5 Kc7 57.Ke6 Kd8 58.Rg6 1-0

[Event "53rd World U20 ch"]
[Site "Pune IND"]
[Date "2014.10.08"]
[Round "3.61"]
[White "Verhelst, Joris"]
[Black "Iniyan, P."]
[Result "0-1"]
[WhiteElo "2042"]
[BlackElo "2151"]
[EventDate "2014.10.06"]
[PlyCount "90"]

1.c4 Nf6 2.g3 g6 3.Bg2 Bg7 4.Nf3 O-O 5.O-O d6 6.Nc3 Nc6 7.d3 e5 8.Rb1 h6 
9.b4 Nd7 10.Ba3 f5 11.Qb3 Nf6 12.c5+ Kh8 13.b5 Ne7 14.b6 axb6 15.cxd6 cxd6
16.Nb5 Ne8 17.Nd2 Nc6 18.Nc4 Be6 19.Rbd1 Rf6 20.f4 exf4 21.Rxf4 Rf7 22.
Bxd6 g5 23.Rf2 Rd7 24.Bb4 Nd4 25.Nxd4 Rxd4 26.Rb1 b5 27.Bc3 bxc4 28.Qxb7 
Bd5 29.Qb6 Qxb6 30.Rxb6 Bxg2 31.Kxg2 Rd6 32.Bxg7+ Kxg7 33.Rb7+ Kg6 34.e4 
fxe4 35.dxe4 Rc6 36.Re7 c3 37.Rc2 Rd8 38.Kf3 Nf6 39.h3 Rd3+ 40.Kf2 Rc4 41.
a4 Nxe4+ 42.Ke2 Rd2+ 43.Rxd2 cxd2 44.Rd7 Rc1 45.a5 Re1+ 0-1

[Event "53rd World U20 ch"]
[Site "Pune IND"]
[Date "2014.10.08"]
[Round "3.62"]
[White "Sammed Jaykumar, Shete"]
[Black "Senthil, Maran K."]
[Result "1/2-1/2"]
[WhiteElo "2139"]
[BlackElo "2043"]
[EventDate "2014.10.06"]
[PlyCount "100"]

1.e4 c5 2.c3 Nf6 3.e5 Nd5 4.Nf3 Nc6 5.Bc4 Nb6 6.Bb3 d6 7.exd6 e6 8.O-O 
Bxd6 9.d3 Qc7 10.Nbd2 Bd7 11.Ne4 O-O-O 12.Be3 Ne7 13.Nxd6+ Qxd6 14.Ng5 
Rhf8 15.Ne4 Qc7 16.Bxc5 Bb5 17.Bxe7 Qxe7 18.c4 Bc6 19.Qe2 f5 20.Nc3 e5 21.
Bc2 Rfe8 22.Rab1 Qg5 23.f3 e4 24.f4 exd3 25.fxg5 dxe2 26.Bxf5+ Kc7 27.Rfe1
Rd2 28.Bxh7 Nxc4 29.Bg6 Re5 30.h4 Nxb2 31.Bh5 Rc5 32.Rxe2 Rd4 33.Ne4 Bxe4 
34.Rbxb2 g6 35.Bg4 Bc6 36.Bh3 Rxh4 37.Re7+ Kd8 38.Rg7 Rxg5 39.Rd2+ Ke8 40.
Be6 Rb4 41.Bb3 Rbg4 42.Rg8+ Ke7 43.Rg7+ Kf8 44.Rg8+ Ke7 45.Rg7+ Kf6 46.
Rf7+ Ke5 47.Re7+ Kf6 48.Rf7+ Ke5 49.Re7+ Kf6 50.Rf7+ Ke5 1/2-1/2

[Event "53rd World U20 ch"]
[Site "Pune IND"]
[Date "2014.10.08"]
[Round "3.63"]
[White "Nazario, Marc Christian"]
[Black "Dhulipalla, Bala Chandra Prasad"]
[Result "1-0"]
[WhiteElo "2029"]
[BlackElo "2118"]
[EventDate "2014.10.06"]
[PlyCount "145"]

1.e4 Nc6 2.d4 e5 3.Nf3 exd4 4.Nxd4 Nf6 5.Nc3 Bb4 6.Nxc6 bxc6 7.Bd3 d5 8.
exd5 cxd5 9.Qe2+ Be7 10.O-O O-O 11.h3 Rb8 12.Nb5 Re8 13.Qf3 Bd7 14.a4 c6 
15.Nc3 h6 16.b3 Be6 17.Ne2 c5 18.Nf4 Bd6 19.Bb5 Rf8 20.Bb2 Qc7 21.Nxe6 
fxe6 22.Rae1 e5 23.Qf5 Rf7 24.Qe6 a6 25.Bxa6 Re8 26.Qf5 Ne4 27.Qh5 Nd2 28.
Qd1 Nxf1 29.Rxf1 Ref8 30.Qxd5 Kh8 31.Bc4 Rf6 32.Bc1 Rd8 33.Qe4 g5 34.Be3 
Qh7 35.Qxh7+ Kxh7 36.Rd1 Rff8 37.Rd5 Kg7 38.Bd3 Rfe8 39.Kf1 Bf8 40.Rxd8 
Rxd8 41.Ke2 Kf6 42.Kf3 Ke6 43.a5 Ra8 44.a6 Bd6 45.b4 cxb4 46.a7 Bb8 47.
axb8=Q Rxb8 48.Ke4 Kf6 49.Bc4 Rd8 50.Bb3 Rd1 51.Bc5 Rg1 52.Kf3 e4+ 53.Kg3 
h5 54.Bxb4 h4+ 55.Kh2 Rf1 56.Bc5 Kf5 57.Be3 Rb1 58.Bg8 Rb2 59.c4 Rc2 60.
Bd5 Ke5 61.g4 Kf6 62.Kg2 Ke5 63.Bxg5 Ra2 64.Be3 Rc2 65.g5 Ra2 66.g6 Ra6 
67.Bf7 Kf6 68.Bd4+ Ke7 69.Be3 Kf6 70.Be8 Ra8 71.Bd4+ Ke7 72.Bc6 Rc8 73.Bd5
1-0

[Event "53rd World U20 ch"]
[Site "Pune IND"]
[Date "2014.10.08"]
[Round "3.64"]
[White "Nader, Mohamed"]
[Black "Sudarshan, Malga"]
[Result "1/2-1/2"]
[WhiteElo "2098"]
[BlackElo "2007"]
[EventDate "2014.10.06"]
[PlyCount "124"]

1.d4 d5 2.Nf3 Nf6 3.e3 c5 4.c3 Nc6 5.Nbd2 cxd4 6.exd4 Bf5 7.Be2 h6 8.O-O 
e6 9.a3 Bd6 10.c4 O-O 11.b4 a6 12.Bb2 Rc8 13.Qb3 Bb8 14.Rfd1 Re8 15.Rac1 
Ne4 16.Nxe4 Bxe4 17.Nd2 dxc4 18.Nxc4 Bf4 19.Ra1 b5 20.Ne3 Qg5 21.g3 Bxe3 
22.Qxe3 Qxe3 23.fxe3 Nxb4 24.axb4 Rc2 25.Bd3 Bxd3 26.Rxd3 Rxb2 27.Rc3 Ra8 
28.Rc6 Rxb4 29.Raxa6 Rxa6 30.Rxa6 Rb2 31.Rb6 Kh7 32.e4 Rb4 33.d5 Rxe4 34.
Rxb5 Re5 35.Rb7 exd5 36.Rxf7 Kg6 37.Rd7 Kf6 38.Kf2 h5 39.Kf3 g6 40.Rd8 g5 
41.h3 Rf5+ 42.Ke3 Ke6 43.Re8+ Kd6 44.Rd8+ Ke6 45.Re8+ Kf7 46.Rd8 Kg7 47.g4
hxg4 48.hxg4 Re5+ 49.Kd4 Re4+ 50.Kxd5 Rxg4 51.Ke5 Rf4 52.Rd6 Kf7 53.Ra6 
Kg7 54.Rb6 Rf2 55.Ra6 Kf7 56.Rb6 g4 57.Rb4 g3 58.Rg4 g2 59.Kd4 Ra2 60.Ke3 
Kf6 61.Kf3 Kf5 62.Rxg2 Ke5 1/2-1/2

[Event "53rd World U20 ch"]
[Site "Pune IND"]
[Date "2014.10.08"]
[Round "3.65"]
[White "Shailesh, Dravid"]
[Black "Grahesh, Y."]
[Result "1-0"]
[WhiteElo "2074"]
[BlackElo "1919"]
[EventDate "2014.10.06"]
[PlyCount "73"]

1.e4 c5 2.Nf3 d6 3.d4 cxd4 4.Nxd4 Nf6 5.Nc3 Nc6 6.Bg5 e6 7.Qd2 Be7 8.O-O-O
O-O 9.f3 a6 10.Be3 Bd7 11.g4 b5 12.g5 Ne8 13.h4 b4 14.Nce2 Qa5 15.Nxc6 
Bxc6 16.Kb1 Nc7 17.Nd4 Bd7 18.Nb3 Qa4 19.h5 e5 20.g6 Be6 21.Qg2 d5 22.
gxh7+ Kxh7 23.exd5 Nxd5 24.Bd3+ Kh8 25.Rdg1 Rg8 26.Bg5 Qd7 27.h6 g6 28.h7 
Rg7 29.Bh6 Rxh7 30.Bg7+ Kxg7 31.Rxh7+ Kxh7 32.Bxg6+ Kg7 33.Bf5+ Bg5 34.
Qxg5+ Kf8 35.Bxe6 Qxe6 36.Qg8+ Ke7 37.Qxa8 1-0

[Event "53rd World U20 ch"]
[Site "Pune IND"]
[Date "2014.10.08"]
[Round "3.67"]
[White "Raivath, Mallela"]
[Black "Horton, Jamie"]
[Result "0-1"]
[WhiteElo "1070"]
[BlackElo "2064"]
[EventDate "2014.10.06"]
[PlyCount "120"]

1.d4 Nf6 2.c4 e6 3.Nc3 Bb4 4.Qc2 Nc6 5.Nf3 d6 6.e3 O-O 7.Bd3 Qe7 8.O-O 
Bxc3 9.Qxc3 e5 10.d5 Nb8 11.e4 Bg4 12.Bc2 a5 13.h3 Bxf3 14.Qxf3 Nbd7 15.
Be3 h6 16.Rac1 Rfc8 17.Ba4 c6 18.dxc6 bxc6 19.Rfd1 Nf8 20.Rd2 Ne6 21.Rcd1 
Ne8 22.Qg3 Qf6 23.Qg4 Kh7 24.Bc2 c5 25.Ba4 Nd4 26.Bxd4 cxd4 27.Bxe8 Rxe8 
28.g3 Qe7 29.Rd3 Reb8 30.b3 Rb7 31.Rf3 a4 32.Rdd3 Kg8 33.Qf5 Rab8 34.h4 g6
35.Qh3 h5 36.Qf1 Qd7 37.Qc1 Kg7 38.Kg2 Qg4 39.Qe1 Qe6 40.Qa5 Qd7 41.Qxa4 
Qxa4 42.bxa4 Ra8 43.Rb3 Rc7 44.Rb6 Rxa4 45.Rxd6 Rxa2 46.Rd5 Re7 47.Rb3 Re6
48.c5 Rf6 49.Rf3 Rxf3 50.Kxf3 Kf6 51.c6 Rc2 52.Rd6+ Ke7 53.Rd7+ Ke6 54.Rc7
f5 55.exf5+ gxf5 56.Rc8 e4+ 57.Kg2 e3 58.Re8+ Kf7 59.Rd8 e2 60.Rxd4 e1=Q 
0-1

[Event "53rd World U20 ch"]
[Site "Pune IND"]
[Date "2014.10.09"]
[Round "4.2"]
[White "Idani, Pouya"]
[Black "Cori Tello, Jorge"]
[Result "0-1"]
[WhiteElo "2517"]
[BlackElo "2612"]
[EventDate "2014.10.06"]
[PlyCount "78"]

1.e4 c5 2.Nf3 e6 3.d4 cxd4 4.Nxd4 Nc6 5.Nc3 Qc7 6.Be3 a6 7.Qf3 Nf6 8.O-O-O
Be7 9.Kb1 O-O 10.g4 b5 11.g5 Ne8 12.h4 Bb7 13.Nxc6 Qxc6 14.Bd3 f5 15.gxf6 
Bxf6 16.Qg3 Bxc3 17.bxc3 Qxc3 18.Bc1 Rf7 19.Rdg1 Bxe4 20.Bb2 Qc6 21.Rh3 
Bxd3 22.Qxd3 Qc4 23.Qd1 d6 24.Rg4 Rf4 25.Rhg3 Ra7 26.h5 Raf7 27.h6 e5 28.
hxg7 Rxg4 29.Rxg4 Qe6 30.f4 Rxf4 31.Rxf4 exf4 32.Qf3 Qf5 33.Bd4 d5 34.Qc3 
f3 35.Qc6 Qe4 36.Qc5 Nxg7 37.Qc8+ Ne8 38.Bc5 d4 39.Qh3 d3 0-1

[Event "53rd World U20 ch"]
[Site "Pune IND"]
[Date "2014.10.09"]
[Round "4.3"]
[White "Vidit, Santosh Gujrathi"]
[Black "Lu Shanglei"]
[Result "1/2-1/2"]
[WhiteElo "2635"]
[BlackElo "2533"]
[EventDate "2014.10.06"]
[PlyCount "61"]

1.d4 d5 2.c4 e6 3.Nc3 Nf6 4.Nf3 dxc4 5.e3 a6 6.Bxc4 b5 7.Be2 Bb7 8.O-O 
Nbd7 9.a3 c5 10.dxc5 Bxc5 11.b4 Be7 12.Bd2 O-O 13.a4 Bxb4 14.axb5 axb5 15.
Rxa8 Bxa8 16.Nxb5 Bxd2 17.Nxd2 Ne5 18.Nf3 Qxd1 19.Rxd1 Nxf3+ 20.Bxf3 Bxf3 
21.gxf3 g6 22.Rd2 Rb8 23.Nc3 Rc8 24.Ne2 Rb8 25.f4 Ne4 26.Rc2 Rd8 27.Kg2 
Rd2 28.Rxd2 Nxd2 29.Nd4 Kg7 30.Nc6 Kf6 31.Ne5 1/2-1/2

[Event "53rd World U20 ch"]
[Site "Pune IND"]
[Date "2014.10.09"]
[Round "4.4"]
[White "Narayanan, Srinath"]
[Black "Fedoseev, Vladimir"]
[Result "1/2-1/2"]
[WhiteElo "2443"]
[BlackElo "2661"]
[EventDate "2014.10.06"]
[PlyCount "112"]

1.e4 e5 2.Nf3 Nc6 3.Bc4 Bc5 4.c3 Nf6 5.d3 O-O 6.Nbd2 a6 7.Bb3 b5 8.O-O d6 
9.a4 Bd7 10.h3 Qc8 11.Nh2 Be6 12.axb5 axb5 13.Rxa8 Qxa8 14.Bxe6 fxe6 15.
Qb3 Qe8 16.Qxb5 Nd4 17.Qxe8 Ne2+ 18.Kh1 Rxe8 19.Nhf3 Bxf2 20.Rxf2 Nxc1 21.
Ne1 Nd7 22.Nc4 Nc5 23.Rd2 Ra8 24.g3 Ra2 25.Kg2 N1b3 26.Re2 Ra1 27.Kf3 Kf7 
28.Kg2 Ke7 29.Kf3 Kd7 30.h4 Ke7 31.Kg2 Rb1 32.Kf3 Na4 33.Ke3 Nbc5 34.Nf3 
Nd7 35.Nfd2 Rg1 36.Kf2 Rd1 37.d4 exd4 38.cxd4 Ndb6 39.Ne3 Rc1 40.b3 Nb2 
41.Nf3 Nd3+ 42.Kg2 Nb4 43.h5 Nd7 44.d5 Nf6 45.dxe6 Kxe6 46.h6 gxh6 47.Nf5 
Ng4 48.Kh3 h5 49.Ng7+ Ke7 50.Nxh5 Ne5 51.Nxe5 dxe5 52.Kg4 Rc3 53.Ng7 Rxb3 
54.Nf5+ Kd8 55.Rh2 c5 56.Nd6 Nc6 1/2-1/2

[Event "53rd World U20 ch"]
[Site "Pune IND"]
[Date "2014.10.09"]
[Round "4.5"]
[White "Grigorian, Karen H."]
[Black "Aravindh, Chithambaram"]
[Result "1-0"]
[WhiteElo "2591"]
[BlackElo "2475"]
[EventDate "2014.10.06"]
[PlyCount "95"]

1.e4 c5 2.Nf3 Nc6 3.Bb5 e6 4.O-O Nge7 5.c3 a6 6.Ba4 d5 7.exd5 Qxd5 8.d4 
cxd4 9.cxd4 b5 10.Nc3 Qd8 11.Bc2 Nd5 12.Nxd5 exd5 13.Ng5 Ra7 14.Re1+ Re7 
15.Be3 g6 16.Rc1 Bb7 17.Nh3 Bg7 18.Bg5 f6 19.Be3 O-O 20.Nf4 Rff7 21.Qd2 
Na5 22.b3 Nc6 23.b4 Na7 24.Bb3 g5 25.Nh5 Nc8 26.h4 h6 27.f4 gxh4 28.f5 Nd6
29.Bxh6 Nxf5 30.Nxg7 Nxg7 31.Qf4 Qe8 32.Qxh4 Re2 33.Rxe2 Qxe2 34.Re1 Nf5 
35.Rxe2 Nxh4 36.Bc2 Rc7 37.Bf4 Rc3 38.Bd6 Bc8 39.Bb3 Nf5 40.Bxd5+ Kg7 41.
Bc5 Ne3 42.Bf3 Rd3 43.Kf2 Nd1+ 44.Kg3 Nc3 45.Re7+ Kh6 46.Kh4 Bf5 47.Rf7 
Be4 48.Bh5 1-0

[Event "53rd World U20 ch"]
[Site "Pune IND"]
[Date "2014.10.09"]
[Round "4.6"]
[White "Dragun, Kamil"]
[Black "Sunilduth Lyna, Narayanan"]
[Result "0-1"]
[WhiteElo "2546"]
[BlackElo "2420"]
[EventDate "2014.10.06"]
[PlyCount "94"]

1.d4 Nf6 2.c4 e6 3.Nf3 d5 4.Nc3 Be7 5.Bf4 O-O 6.Rc1 Nbd7 7.cxd5 exd5 8.e3 
c6 9.h3 Re8 10.Bd3 Nf8 11.O-O Ng6 12.Bh2 Bd6 13.Bxd6 Qxd6 14.Qc2 Qe7 15.
Rb1 Ne4 16.Bxe4 dxe4 17.Nd2 Bf5 18.f4 h5 19.b4 Rad8 20.b5 Nh4 21.bxc6 bxc6
22.Kh2 Qe6 23.Nb3 Rb8 24.Qf2 Qf6 25.Nc5 Rb6 26.a4 Qd8 27.Rb2 Bg6 28.Rfb1 
Nf5 29.Nb7 Qe7 30.Nc5 Nxd4 31.exd4 e3 32.Qe2 Bxb1 33.Rxb1 Rxb1 34.Nxb1 Qd6
35.Nd3 Qxd4 36.Kg3 c5 37.Na3 h4+ 38.Kg4 c4 39.Ne1 Qd2 40.Kf3 Re4 41.g3 
hxg3 42.Ng2 c3 43.Nc2 Rxa4 44.Ncxe3 Qxe2+ 45.Kxe2 Rd4 46.Kf3 Rd2 47.Ne1 g2
0-1

[Event "53rd World U20 ch"]
[Site "Pune IND"]
[Date "2014.10.09"]
[Round "4.7"]
[White "Arat, Ufuk Sezen"]
[Black "Antipov, Mikhail"]
[Result "0-1"]
[WhiteElo "2357"]
[BlackElo "2524"]
[EventDate "2014.10.06"]
[PlyCount "94"]

1.d4 Nf6 2.c4 e6 3.g3 c5 4.d5 exd5 5.cxd5 d6 6.Nc3 g6 7.Bg2 Bg7 8.Nf3 O-O 
9.O-O a6 10.a4 Re8 11.Nd2 Nbd7 12.h3 Rb8 13.Nc4 Ne5 14.Na3 Nh5 15.e4 Bd7 
16.a5 b5 17.axb6 Bb5 18.Naxb5 axb5 19.Nxb5 Qxb6 20.Na3 c4 21.Kh2 Qc7 22.
Rb1 Rb3 23.Qc2 Rc8 24.Rd1 Qc5 25.g4 Nf6 26.Bf4 Nd3 27.Be3 Qc7 28.Bf1 Nxb2 
29.Nxc4 Rxe3 30.fxe3 Nxd1 31.Rxd1 Qe7 32.Bd3 Nd7 33.Qa2 Nc5 34.Qc2 h5 35.
gxh5 Be5+ 36.Kh1 Nxd3 37.Qxd3 Qh4 38.Nxe5 Qxh3+ 39.Kg1 Qg3+ 40.Kh1 Qxe5 
41.hxg6 fxg6 42.Rg1 Qh5+ 43.Kg2 Qg4+ 44.Kh2 Qh4+ 45.Kg2 Rc7 46.Qd1 Rf7 47.
Qe1 Qg4+ 0-1

[Event "53rd World U20 ch"]
[Site "Pune IND"]
[Date "2014.10.09"]
[Round "4.8"]
[White "Gahwiler, Gabriel"]
[Black "Rajpara, Ankit"]
[Result "1/2-1/2"]
[WhiteElo "2360"]
[BlackElo "2508"]
[EventDate "2014.10.06"]
[PlyCount "116"]

1.e4 c6 2.d4 d5 3.Nc3 dxe4 4.Nxe4 Bf5 5.Ng3 Bg6 6.Bc4 e6 7.N1e2 Nf6 8.h4 
h6 9.Nf4 Bh7 10.Ngh5 Nbd7 11.c3 Qc7 12.Nxf6+ Nxf6 13.Nh5 Nxh5 14.Qxh5 
O-O-O 15.Qe2 Bd6 16.Be3 Kb8 17.Bd3 Bxd3 18.Qxd3 h5 19.O-O-O Rhe8 20.Kb1 e5
21.dxe5 Bxe5 22.Qe2 g6 23.Rxd8+ Rxd8 24.Rd1 Rxd1+ 25.Qxd1 b5 26.a4 a6 27.
axb5 axb5 28.Qd3 Kc8 29.g3 Qd7 30.Kc2 Qxd3+ 31.Kxd3 Kd7 32.Ke4 Ke6 33.Bd4 
Bd6 34.b3 f5+ 35.Ke3 f4+ 36.Kf3 fxg3 37.fxg3 Kd5 38.Be3 Be5 39.Bd2 c5 40.
Be1 c4 41.b4 Bg7 42.Kf4 Bh6+ 43.Kf3 Bg7 44.Kf4 Bf6 45.Kf3 Ke5 46.Bd2 Kf5 
47.Be1 g5 48.hxg5 Bxg5 49.Bf2 Bf6 50.Be1 Be5 51.Bd2 Bg7 52.Be1 Bf6 53.Bd2 
Be5 54.Be1 Bf6 55.Bd2 Bg7 56.Be1 Bh6 57.Bf2 Bg7 58.Be1 Bh6 1/2-1/2

[Event "53rd World U20 ch"]
[Site "Pune IND"]
[Date "2014.10.09"]
[Round "4.9"]
[White "Ganesh, R."]
[Black "Grover, Sahaj"]
[Result "1/2-1/2"]
[WhiteElo "2030"]
[BlackElo "2491"]
[EventDate "2014.10.06"]
[PlyCount "118"]

1.d4 e6 2.Nf3 Nf6 3.c4 b6 4.g3 Bb7 5.Bg2 Be7 6.O-O O-O 7.Nc3 Ne4 8.Bd2 f5 
9.Ne5 Nxc3 10.Bxc3 Bxg2 11.Kxg2 Bf6 12.Nd3 c5 13.e3 Nc6 14.d5 Bxc3 15.dxc6
Bf6 16.cxd7 Qxd7 17.Qe2 Qc6+ 18.f3 Rfd8 19.Rad1 Rd6 20.Nf2 Rxd1 21.Rxd1 a6
22.b3 b5 23.Qd3 Rd8 24.Qe2 Rb8 25.Rd2 h6 26.Qd3 bxc4 27.Qxc4 Rb4 28.Qd3 a5
29.Qd6 Qxd6 30.Rxd6 c4 31.bxc4 Rxc4 32.Rd2 a4 33.Kf1 Rc1+ 34.Ke2 Bc3 35.
Rd8+ Kf7 36.Rc8 Re1+ 37.Kd3 Bb2 38.Rc2 a3 39.e4 Ra1 40.exf5 exf5 41.Kc4 
Rxa2 42.Nd3 Kg6 43.Kb3 Ra1 44.Nxb2 axb2 45.Rxb2 Rf1 46.f4 Kh5 47.Kc4 Kg4 
48.Kd5 Re1 49.Rf2 Re4 50.Ra2 Re1 51.Rb2 Kh3 52.Rb7 Kxh2 53.Rxg7 Kh3 54.Rg6
Re3 55.Rf6 Kg4 56.Rg6+ Kf3 57.Rf6 Kg4 58.Rg6+ Kf3 59.Rf6 Kg4 1/2-1/2

[Event "53rd World U20 ch"]
[Site "Pune IND"]
[Date "2014.10.09"]
[Round "4.10"]
[White "Duda, Jan-Krzysztof"]
[Black "Tari, Aryan"]
[Result "1/2-1/2"]
[WhiteElo "2599"]
[BlackElo "2450"]
[EventDate "2014.10.06"]
[PlyCount "108"]

1.e4 e5 2.Nf3 Nc6 3.Bb5 Nf6 4.d3 d6 5.c3 Bd7 6.Nbd2 g6 7.Nf1 Bg7 8.Ng3 O-O
9.a4 Na5 10.Bxd7 Qxd7 11.b4 Nc6 12.O-O Rfe8 13.h3 a6 14.Be3 d5 15.Qb3 h6 
16.Rfe1 b6 17.Rad1 Rad8 18.Bc1 dxe4 19.dxe4 Qe6 20.Qxe6 Rxe6 21.Kf1 Ne8 
22.h4 h5 23.Rxd8 Nxd8 24.Ke2 Rc6 25.Kd3 Ne6 26.Nf1 Nd6 27.g3 f5 28.N1d2 
Nf7 29.Ba3 b5 30.Bb2 Bh6 31.axb5 axb5 32.c4 Rd6+ 33.Kc2 Bxd2 34.Nxd2 Nd4+ 
35.Bxd4 Rxd4 36.exf5 gxf5 37.Kc3 Nd6 38.c5 Ne4+ 39.Nxe4 fxe4 40.Ra1 Rd3+ 
41.Kc2 Rf3 42.Kd2 Kf7 43.Ra7 Ke6 44.Ke2 Kd7 45.Ra6 Rb3 46.Rh6 Rxb4 47.c6+ 
Ke7 48.Rxh5 Kd6 49.Rh8 Rb1 50.h5 b4 51.h6 Rh1 52.g4 b3 53.g5 b2 54.Rb8 Rh5
1/2-1/2

[Event "53rd World U20 ch"]
[Site "Pune IND"]
[Date "2014.10.09"]
[Round "4.11"]
[White "Van Kampen, Robin"]
[Black "Prince, Bajaj"]
[Result "1-0"]
[WhiteElo "2641"]
[BlackElo "2369"]
[EventDate "2014.10.06"]
[PlyCount "85"]

1.e4 c5 2.Nf3 e6 3.d4 cxd4 4.Nxd4 Nc6 5.Nc3 Qc7 6.f4 a6 7.Nxc6 Qxc6 8.Bd3 
b5 9.Qe2 Bb7 10.Bd2 Bc5 11.O-O-O Ne7 12.a3 Rc8 13.h4 O-O 14.h5 f5 15.h6 g6
16.Rhe1 Bd4 17.g4 Rce8 18.Qh2 d5 19.gxf5 exf5 20.e5 Bc5 21.Ne2 d4 22.Qg1 
Qd5 23.Kb1 Bc8 24.Bc1 Bb7 25.b3 Qg2 26.c4 Qxg1 27.Rxg1 bxc4 28.Bxc4+ Bd5 
29.Nxd4 Bxc4 30.bxc4 Rb8+ 31.Ka2 Rb6 32.Rg3 Rd8 33.Rgd3 Bxd4 34.Rxd4 Rxd4 
35.Rxd4 Kf7 36.Rd8 Rc6 37.Kb3 Rc8 38.Rd7 Rc6 39.Be3 Ke8 40.Ra7 Kf7 41.Kb4 
Rc8 42.Bc5 a5+ 43.Kb5 1-0